Carrera de Diseño Industrial: resumen ejecutivo. Informe autoevaluación
I tiakina i:
| Kaituhi rangatōpū: | |
|---|---|
| Hōputu: | Pukapuka |
| Reo: | Pāniora |
| I whakaputaina: |
Valparaíso
Pontificia Universidad Católica de Valparaíso. Vicerrectoría Académica
2012
|
| Putanga: | 1a. ed |
| Ngā marau: | |
| Ngā Tūtohu: |
Tāpirihia he Tūtohu
Kāore He Tūtohu, Me noho koe te mea tuatahi ki te tūtohu i tēnei pūkete!
|
MARC
| LEADER | 00000cam a2200000 a 4500 | ||
|---|---|---|---|
| 001 | UCE0371 | ||
| 003 | CL-VaPUC | ||
| 008 | 140116e20121200cl |||||||||||||||||spa|d | ||
| 082 | 0 | 4 | |a 378.199 |b PON |2 21 |
| 110 | 2 | |a Pontificia Universidad Católica de Valparaíso |e author |9 572732 | |
| 245 | 1 | 0 | |a Carrera de Diseño Industrial: resumen ejecutivo. Informe autoevaluación |
| 250 | |a 1a. ed | ||
| 300 | |a pág. irreg | ||
| 942 | |c BK | ||
| 945 | |d 20140116 11:53:00 |a dcastane | ||
| 260 | |a Valparaíso |b Pontificia Universidad Católica de Valparaíso. Vicerrectoría Académica |c 2012 | ||
| 650 | 0 | |a Educación superior |9 223851 | |
| 650 | 0 | |a Curriculos |9 343652 | |
| 650 | 0 | |a Universidades |9 256317 | |
| 650 | 0 | |a Diseño industrial |9 262726 | |
| 583 | |a last modification |c 20140116 11:53:00 |k Rodrigo Vera | ||
| 999 | |c 354532 |d 354530 | ||
| 952 | |0 0 |1 0 |3 erb |4 0 |6 378_199000000000000_PON_2012 |7 0 |8 X |9 460474 |a FDOBUD |b FDOBUD |i 5017564 |o 378.199 PON 2012 |p 5017564 |r 2019-11-23 |w 2019-11-23 |y BK_X |z Catalogado en:20140116 |k FHP | ||